Noticias de prensa: de la lectura al análisis crítico
Gespeichert in:
| 1. Verfasser: | |
|---|---|
| Format: | Buch |
| Sprache: | Spanisch |
| Veröffentlicht: |
Santiago
Ministerio de Educación
1999
|
| Schlagworte: | |
| Tags: |
Tag hinzufügen
Keine Tags, Fügen Sie den ersten Tag hinzu!
|
MARC
| LEADER | 00000nam a2200000 a 4500 | ||
|---|---|---|---|
| 001 | UCP7005 | ||
| 003 | CL-VaPUC | ||
| 008 | 991126e19990000CL |||||||||||||||||spa|d | ||
| 020 | |a 9567405921 | ||
| 082 | 0 | 4 | |a 372.6 |b ROM |2 21 |
| 100 | 0 | |a Román Montes de Oca, Domingo |e author |9 436381 | |
| 245 | 1 | 0 | |a Noticias de prensa: de la lectura al análisis crítico |
| 300 | |a 65 p | ||
| 942 | |c BK | ||
| 945 | |d 19991126 00:00:00 |a rbrito | ||
| 260 | |a Santiago |b Ministerio de Educación |c 1999 | ||
| 650 | 0 | |a Enseñanza del lenguaje |9 373325 | |
| 650 | 0 | |a Ejercicios de lectura |9 324248 | |
| 650 | 0 | |a Sociolingüística |9 263716 | |
| 583 | |a last modification |c 19991126 00:00:00 |k Rodrigo Vera | ||
| 999 | |c 284375 |d 284373 | ||
| 952 | |0 0 |1 0 |4 0 |6 372_600000000000000_ROM_1999 |7 0 |8 A |9 328297 |a BIBEDU |b BIBEDU |d 2019-11-20 |i 3580997 |o 372.6 ROM 1999 |p 3580997 |r 2019-11-20 |w 2019-11-20 |y BK |k BME | ||
| 952 | |0 0 |1 0 |4 0 |6 372_600000000000000_ROM_1999 |7 0 |8 A |9 328298 |a BIBEDU |b BIBEDU |d 2019-11-20 |i 4188136 |o 372.6 ROM 1999 |p 4188136 |r 2019-11-20 |w 2019-11-20 |y BK |k EBA | ||
| 952 | |0 0 |1 0 |4 0 |6 372_600000000000000_ROM_1999 |7 0 |8 A |9 328299 |a BIBEDU |b BIBEDU |d 2019-11-20 |i 4222040 |o 372.6 ROM 1999 |p 4222040 |r 2019-11-20 |w 2019-11-20 |y BK |k EBA | ||
| 952 | |0 0 |1 0 |4 0 |6 372_600000000000000_ROM_1999 |7 0 |8 A |9 328300 |a BIBEDU |b BIBEDU |d 2019-11-20 |i 4222032 |o 372.6 ROM 1999 |p 4222032 |r 2019-11-20 |w 2019-11-20 |y BK |k EBA | ||
| 952 | |0 0 |1 0 |4 0 |6 372_600000000000000_ROM_1999 |7 0 |8 A |9 328301 |a BIBEDU |b BIBEDU |d 2019-11-20 |i 4222024 |o 372.6 ROM 1999 |p 4222024 |r 2019-11-20 |w 2019-11-20 |y BK |k EBA | ||